| 000 | 00486nam a2200181Ia 4500 | ||
|---|---|---|---|
| 999 |
_c10727 _d10727 |
||
| 003 | OSt | ||
| 005 | 20191223153428.0 | ||
| 008 | 190216s9999||||xx |||||||||||||| ||und|| | ||
| 020 | _a1403922322 | ||
| 040 | _coclc | ||
| 082 |
_a338.7 _bPAL/M |
||
| 100 |
_aPal, Sumitra _9634 |
||
| 245 | 0 |
_aManagerial Economics / _c Sumitra Pal |
|
| 260 |
_bMacmillan, _c2004. _aDelhi: |
||
| 300 | _a322p | ||
| 650 | _aEconomics | ||
| 942 |
_cBK _2ddc _h338.7 _iPAL/M _k338.7 _mPAL/M |
||